<?xml version="1.0" encoding="UTF-8"?>
<collection xmlns="http://www.loc.gov/MARC21/slim">
 <record>
  <leader>01951nam a2200349 a 4500</leader>
  <controlfield tag="001">TVCDKTCT1982</controlfield>
  <controlfield tag="003">Thư viện trường Cao đẳng Kỹ thuật Cao Thắng</controlfield>
  <controlfield tag="005">20220922135704.000</controlfield>
  <controlfield tag="008">050811</controlfield>
  <datafield tag="980" ind1="\" ind2="\">
   <subfield code="a">Thư viện Trường CĐ Kỹ Thuật Cao Thắng</subfield>
  </datafield>
  <datafield tag="024" ind1=" " ind2=" ">
   <subfield code="a">RG_1 #1 eb0 i1</subfield>
  </datafield>
  <datafield tag="041" ind1="0" ind2="#">
   <subfield code="a">vie</subfield>
  </datafield>
  <datafield tag="082" ind1="#" ind2="#">
   <subfield code="a">604.2 / </subfield>
   <subfield code="b">TR121QU-v</subfield>
  </datafield>
  <datafield tag="100" ind1="1" ind2="#">
   <subfield code="a">Trần Hữu Quế</subfield>
  </datafield>
  <datafield tag="245" ind1="0" ind2="0">
   <subfield code="a">Vẽ kỹ thuật cơ khí .Tập 1. / </subfield>
   <subfield code="c">Trần Hữu Quế</subfield>
  </datafield>
  <datafield tag="250" ind1="#" ind2="#">
   <subfield code="a">Tái bản lần thứ 3</subfield>
  </datafield>
  <datafield tag="260" ind1="#" ind2="#">
   <subfield code="a">H. : </subfield>
   <subfield code="b">Giáo dục , </subfield>
   <subfield code="c">1994</subfield>
  </datafield>
  <datafield tag="300" ind1="#" ind2="#">
   <subfield code="a">160tr. ; </subfield>
   <subfield code="c">27cm</subfield>
  </datafield>
  <datafield tag="520" ind1="#" ind2="#">
   <subfield code="a">Bản vẽ kỹ thuật là một phương tiện thông tin kỹ thuật, là công cụ chủ yếu diễn đạt ý đồ thiết kế, là tài liệu kỹ thuật cơ bản dùng để chỉ đạo sản xuất. nội dung của cuốn sách ngòai phần mở đầu và phụ lục, cuốn sách có mười một chương và chia thành hai tập.</subfield>
  </datafield>
  <datafield tag="520" ind1="#" ind2="#">
   <subfield code="a">Tập 1: Gồm các chương: Những tiêu chuẩn về trình bày bản vẽ- Vẽ hình học- Biểu diễn vật thể- Hình chiếu trục đo- Vẽ quy ước ren và các mối ghép- Vẽ quy ước bánh răng và lò xo.</subfield>
  </datafield>
  <datafield tag="520" ind1="#" ind2="#">
   <subfield code="a">Tập 2 : Gồm các chương: ký hiệu dung sai và lắp ghép. -Bản vẽ chi tiết- Bản vẽ lắp- Sơ đồ- Bản vẽ xây dựng.</subfield>
  </datafield>
  <datafield tag="650" ind1="#" ind2="4">
   <subfield code="a">Vẽ kỹ thuật</subfield>
  </datafield>
  <datafield tag="653" ind1="#" ind2="#">
   <subfield code="a">Technical drawing</subfield>
  </datafield>
  <datafield tag="721" ind1="#" ind2="#">
   <subfield code="a">CN Tự động</subfield>
  </datafield>
  <datafield tag="721" ind1="#" ind2="#">
   <subfield code="a">CNKT Cơ điện tử</subfield>
  </datafield>
  <datafield tag="721" ind1="#" ind2="#">
   <subfield code="a">CNKT Cơ khí</subfield>
  </datafield>
  <datafield tag="721" ind1="#" ind2="#">
   <subfield code="a">CNKT Điện tử viễn thông</subfield>
  </datafield>
  <datafield tag="721" ind1="#" ind2="#">
   <subfield code="a">CNKT Điện tử</subfield>
  </datafield>
  <datafield tag="721" ind1="#" ind2="#">
   <subfield code="a">CNKT Điện</subfield>
  </datafield>
  <datafield tag="721" ind1="#" ind2="#">
   <subfield code="a">CNKT Nhiệt lạnh</subfield>
  </datafield>
  <datafield tag="721" ind1="#" ind2="#">
   <subfield code="a">CNKT Ô tô</subfield>
  </datafield>
  <datafield tag="841" ind1="#" ind2="#">
   <subfield code="b">Kho Sách </subfield>
   <subfield code="j">100009655, 100009656, 100020091</subfield>
  </datafield>
 </record>
</collection>
